000 00614nam a2200205Ii 4500
003 JO-AjNU
008 230605s9999||||xx |||||||||||||| ||und||
017 _a2000/8/1598
040 _aJO-AjNU
_bara
_erda
_cJO-AjNU
041 _aara
050 1 4 _aQA76 2008
100 3 _aصبري ، عزام احمد,
_eauthor
_928339
245 0 0 _aمبادئ الجبر الخطي
264 3 1 _aاربد:عالم الكتب الحديث ،2008
300 _a202ص
336 _atext
_btxt
_2rdacontent
337 _aunmediated
_bn
_2rdamedia
338 _avolume
_bnc
_2rdacarrier
650 4 _aالجبر الخطي
_928340
999 _aA10979
_c14547
_d14547